00572nam a2200169Ia 4500008004100000020001800041041000800059082002000067100002000087245004500107250000600152260004500158300001400203650003700217999001900254952012900273210716s2013 xx 000 0 und d a978019806621X aeng a658.312404 MITB aMitra, Barun K. aPersonality development and soft skills. a1 aNew DelhibOxford University Pressc2013 axviii,258 aPersonality Development(658.314) c209386d209386 001040708MBAaAIMITbAIMITd2015-09-26g325.00l0o658.312404 MITBpMBA11952r2026-05-23 00:00:00v243.75w2021-07-16yBK